| 000 | 00457pab a2200169 454500 | ||
|---|---|---|---|
| 008 | 180718b2006 xxu||||| |||| 00| 0 eng d | ||
| 100 | _aSchwarz, Beate et al | ||
| 245 | _aIntergenerational support: psychological and cultural analyses of Korean and German women | ||
| 260 | _c2006 | ||
| 300 | _ap.315-40. | ||
| 362 | _aMar | ||
| 650 | _aWomen - Germany | ||
| 650 | _aWomen - Korea | ||
| 650 | _aWomen | ||
| 773 | _aCurrent Sociology | ||
| 909 | _a69370 | ||
| 999 |
_c69370 _d69370 |
||